| 000 | 02330nam a22003737a 4500 | ||
|---|---|---|---|
| 001 | 105850 | ||
| 003 | KnowledgeUnlatched | ||
| 005 | 20210303104917.0 | ||
| 006 | m o d | ||
| 007 | cr u|||||||||| | ||
| 008 | 210129p20142020xx o u00| u spa d | ||
| 037 | _5BiblioBoard | ||
| 245 | 0 | 3 |
_aLa nación expuesta _bCultura visual y procesos de formación de la nación en América Latina / _cSven Schuster. |
| 020 | _a9789587385243 | ||
| 029 | 1 | _ahttps://library.biblioboard.com/ext/api/media/c510c6b1-9b6a-4387-ae2d-3b9a38cf7ce4/assets/thumbnail.jpg | |
| 040 |
_aScCtBLL _cScCtBLL |
||
| 100 | 1 |
_aSchuster, Sven _eauthor. |
|
| 264 | 1 | _bSciELO Books - Editorial Universidad del Rosario, | |
| 300 | _a1 online resource. | ||
| 490 | 1 | _aCiencias humanas | |
| 506 | 0 |
_aAccess copy available to the general public. _fUnrestricted _2star |
|
| 520 | _aEsta obra reúne once ensayos originales acerca de la función de las imágenes en los procesos de formación de la nación en América Latina, incluyendo contribuciones de especialistas de Europa, Estados Unidos, América Latina e Israel. Inspirados por el reciente "giro pictorial" en las ciencias sociales, estos textos no sólo transcienden los límites nacionales, sino también los disciplinares, combinando acercamientos de la historia, la literatura, los estudios culturales y las ciencias políticas. En general, los autores indagan sobre la función que han desempeñado las imágenes de lo propio y de lo ajeno -como parte de discursos nacionalistas- dentro de exposiciones y museos, en la prensa, en el arte, en la fotografía, en el cine, así como en forma de monumentos y estatuas, es decir en su función de "imágenes públicas". | ||
| 588 | 0 | _aDescription based on print version record. | |
| 590 | _aKU Open Services | ||
| 650 | 7 |
_aHistory _2bisacsh |
|
| 650 | 0 | _aHistory | |
| 655 | 0 | _aElectronic books. | |
| 758 |
_iIs found in: _aKnowledge Unlatched _1https://openresearchlibrary.org/module/2774bc74-146a-484f-a7ba-ab1d6a09bbfb |
||
| 830 | 0 | _aCiencias humanas | |
| 856 | 4 | 0 |
_uhttps://openresearchlibrary.org/content/c510c6b1-9b6a-4387-ae2d-3b9a38cf7ce4 _zView this content on Open Research Library. _70 |
| 999 |
_c32923 _d32923 |
||